Survival of Phytophthora spp. causing abnormal leaf fall (ALF) disease in rubber (Hevea brasiliensis) (Record no. 74277)

MARC details
000 -LEADER
fixed length control field 00441nam a2200133Ia 4500
100 ## - MAIN ENTRY--AUTHOR NAME
Personal name Soumithri Krishnanunny, P.
245 #0 - TITLE STATEMENT
Title Survival of Phytophthora spp. causing abnormal leaf fall (ALF) disease in rubber (Hevea brasiliensis)
260 ## - PUBLICATION, DISTRIBUTION, ETC. (IMPRINT)
Name of publisher University of Calicut
Place of publication Calict
Year of publication 2008
500 ## - GENERAL NOTE
General note Available in Pathology
500 ## - GENERAL NOTE
General note Course: M.Sc.
700 ## - ADDED ENTRY--PERSONAL NAME
Personal name Dr C Bindu Roy
942 ## - ADDED ENTRY ELEMENTS (KOHA)
Koha item type Theses
Holdings
Withdrawn status Lost status Damaged status Not for loan Collection code Home library Current library Shelving location Date acquired Koha item type
      Theses Dissertation RRII Library RRII Library Crop protection 31/12/2021 Theses